000 01001nam a22002537a 4500
005 20170124102933.0
010 _aB-158127
020 _c200.00
_a81882121172
035 _aB-158127
037 _bCen Lib/Ret
040 _aDPL
_bHN
082 _a821
_bपांडेय
100 _aपांडेय, सुरेन्द्र
_96449
245 _aकुन्ती /
_cसुरेन्द्र पांडेय
246 _aKunti /
_bby Surendra Panday
260 _aइलाहबाद
_bविभोर प्रकाशन
_c2000
270 _a49B, हेस्टिंग रोड
_bइलाहबाद
300 _a243पृ.
_c19सेमी (सजिल्द)
650 _aहिन्दी साहित्य
_945751
650 _aमहाकाव्य
_xनारी चेतना
_945752
650 _aHindi literature
_945753
650 _aEpic
_xFemale consciousness
_945754
942 _2ddc
_cHN
_h821
_mपांडेय
999 _c112073
_d112073